Homenaje a Manuel Felguerez (Record no. 11627)

MARC details
000 -CABECERA
campo de control de longitud fija 00791nam a2200265 4500
003 - IDENTIFICADOR DEL NÚMERO DE CONTROL
campo de control OSt
005 - FECHA Y HORA DE LA ÚLTIMA TRANSACCIÓN
campo de control 20260530113856.0
008 - DATOS DE LONGITUD FIJA--INFORMACIÓN GENERAL
campo de control de longitud fija 260506b2022 |||a|||| |||| 00| 0 spa d
020 ## - NÚMERO INTERNACIONAL ESTÁNDAR DEL LIBRO
Número Internacional Estándar del Libro 9786078059423
040 ## - FUENTE DE LA CATALOGACIÓN
Centro catalogador/agencia de origen ICI
Lengua de catalogación spa
Centro/agencia transcriptor ICI
050 ## - SIGNATURA TOPOGRÁFICA DE LA BIBLIOTECA DEL CONGRESO
Número de clasificación N6559.F45
Número de documento/Ítem H66
100 1# - ENTRADA PRINCIPAL--NOMBRE DE PERSONA
Nombre de persona Eder, Rita
9 (RLIN) 31750
245 10 - MENCIÓN DE TÍTULO
Título Homenaje a Manuel Felguerez
264 #1 - PRODUCCIÓN, PUBLICACIÓN, DISTRIBUCIÓN, FABRICACIÓN Y COPYRIGHT
Nombre del de productor, editor, distribuidor, fabricante Academia de Artes México
Fecha de producción, publicación, distribución, fabricación o copyright 2022
Producción, publicación, distribución, fabricación y copyright Ciudad de México, México
300 ## - DESCRIPCIÓN FÍSICA
Extensión 48 páginas
336 ## - TIPO DE CONTENIDO
Término de tipo de contenido texto
Fuente rdacontent
337 ## - TIPO DE MEDIO
Nombre/término del tipo de medio sin medio
Fuente rdamedia
338 ## - TIPO DE SOPORTE
Nombre/término del tipo de soporte volumen
Fuente rdacarrier
700 ## - PUNTO DE ACCESO ADICIONAL--NOMBRE DE PERSONA
Nombre de persona Louise Noelle
Término indicativo de función/relación Autor
9 (RLIN) 31751
700 ## - PUNTO DE ACCESO ADICIONAL--NOMBRE DE PERSONA
Nombre de persona Francisco Castro Leñero
Término indicativo de función/relación Autor
9 (RLIN) 31752
700 ## - PUNTO DE ACCESO ADICIONAL--NOMBRE DE PERSONA
Nombre de persona Manuel Marín
Término indicativo de función/relación Autor
9 (RLIN) 31753
700 ## - PUNTO DE ACCESO ADICIONAL--NOMBRE DE PERSONA
Nombre de persona Arnaldo Coen
Término indicativo de función/relación Autor
9 (RLIN) 31754
700 ## - PUNTO DE ACCESO ADICIONAL--NOMBRE DE PERSONA
Nombre de persona Marina Lascaris
Término indicativo de función/relación Autor
9 (RLIN) 31755
942 ## - ELEMENTOS DE PUNTO DE ACCESO ADICIONAL (KOHA)
Fuente del sistema de clasificación o colocación Dewey Decimal Classification
Tipo de ítem Koha
Suprimir en OPAC 1

No items available.